| 000 | 00955nam a2200265 i 4500 | ||
|---|---|---|---|
| 003 | DO-SdBNP | ||
| 005 | 20240702101229.0 | ||
| 007 | ta | ||
| 008 | 240702b2023 dr a|||| |||| 00| 0 spa d | ||
| 020 | _a9789945250725 | ||
| 040 |
_aDO-SdBNP _bspa _cBNPHU _erda |
||
| 100 |
_aLópez Penha, Haim H. _929198 _eautor |
||
| 245 | 1 | 3 |
_aLa pandilla : _bnovela dominicana / _cHaim H. López-Penha ; edición y corrección, Kary Alba Rocha Arias |
| 264 |
_aSanto Domingo : _bArchivo General de la Nación, _c2023. |
||
| 300 |
_a167 páginas : _bilustraciones, _c23 cm. |
||
| 336 |
_2rdacontent _atexto _btxt |
||
| 337 |
_2rdamedia _asin mediación _bn |
||
| 338 |
_2rdacarrier _avolumen _bnc |
||
| 490 |
_aArchivo General de la Nación _aJvenil _v300 |
||
| 500 | _aIncluye datos biográficos del autor en las solapas | ||
| 590 | _aInventariado, 2024/BT | ||
| 700 |
_aRocha Arias, Kary Alba, _eedición y corrección _981514 |
||
| 910 | _aBtavárez | ||
| 942 |
_2ddc _cLBS1 |
||
| 999 |
_c57111 _d57111 |
||